111 Preguntas y respuestas prácticas sobre acceso a información pública /
ISBN:
9788416219278
Descripción Física:
360 pàgs. 24 cm.
Colección:
Análisis y comentarios
; 51
Otros Autores:
Melús Gil, Isabel
Idioma:
Catalán
MARC
| LEADER | 00000nam a22000007a 4500 | ||
|---|---|---|---|
| 001 | 25714 | ||
| 003 | Arxiu | ||
| 005 | 20260324181116.0 | ||
| 008 | 220531b spa||||| |||| 00| 0 cat d | ||
| 017 | |a GR 675-2018 | ||
| 020 | |a 9788416219278 | ||
| 100 | |9 1294 |a Meseguer Yebra, Joaquín | ||
| 245 | |a 111 Preguntas y respuestas prácticas sobre acceso a información pública / |c Joaquín Meseguer Yebra ; Isabel Melús Gil | ||
| 260 | |a Granada : |b CEMCI ; |c 2018 | ||
| 300 | |a 360 pàgs. |c 24 cm. | ||
| 490 | |a Análisis y comentarios ; |v 51 | ||
| 500 | |a Donatiu de la Biblioteca Jurídica | ||
| 650 | 0 | |9 10715 |a Informació pública |x Control d'accés | |
| 650 | 0 | |9 52304 |a Informació pública - Dret i Legislació |z Espanya | |
| 700 | |9 51627 |a Melús Gil, Isabel | ||
| 942 | |2 udc |c ARXIU |n 1 | ||
| 952 | |0 0 |1 0 |4 0 |6 BIB592 |7 1 |9 62108 |a Arxiu |b Arxiu |d 2022-05-31 |l 0 |o Bib-592 |p 25714 |r 2022-05-31 00:00:00 |w 2022-05-31 |y ARXIU | ||
| 999 | |c 81813 |d 81813 | ||